000 00742nam a2200265 a 4500
005 20140310183449.0
008 081217s19uu xx 00 eng d
020 _a9780071287562
050 _aHF 1359
_b.Ap652 2008
100 _aAppleyard, Dennis R.
245 _aInternational economics /
_cDennis R. Appleyard.
250 _a6th ed.
260 _aBoston :
_bMcGraw-Hill Irwin,
_c2008.
300 _a804 p. :
_bill. col. ;
_c27 cm.
521 _aBSBA
650 _aBSBA.
650 _aInternational economic relations.
650 _aInternational trade.
650 _aInternational finance.
700 _aField, Alfred J. Jr.
700 _aCobb, Steven L.
942 _cBK
_2lcc
_kFOR
999 _c23336
_d23336